000 00988nam a2200301Ia 4500
003 GCL
008 140319s9999 xx 000 0 ara d
040 _aGCL /
_cGCL
082 0 4 _a759
_bج ر
100 1 _aجمال قطب
245 1 0 _aروائع الفن العالمى خلاصة الفكر الانسانى والابداع العبقرى على مر العصور /
_cجمال قطب
260 _a[S.N] :
_bدار مصر للطباعة ،
_c1987
300 _a144 ص
490 _a
650 0 4 _aالفنون الجميلة
650 0 4 _aالفنانون
650 0 4 _aالرسم
650 0 4 _aالعصور الوسطى
650 0 4 _aالتذوق الفنى
650 0 4 _aالفن والتاريخ
650 0 4 _aالقرن العشرين
650 0 4 _aالرسم بالالوان
650 0 4 _aالرسم والتصوير
650 0 4 _aالاشخاص فى الفن
650 0 4 _aتاريخ ونقد
650 0 4 _aالفن الاسلامى
942 _2ddc
_cBK
999 _c58723
_d58723